Получение окерманитовых керамических пигментов с использованием природного волластонита и нефелинового шлама; Проблемы геологии и освоения недр; Т. 2

書誌詳細
Parent link:Проблемы геологии и освоения недр: труды XIV Международного симпозиума имени академика М. А. Усова студентов и молодых ученых, посвященного 65-летию Победы советского народа над фашистской Германией в Великой Отечественной войне 1941-1945 гг., 5-9 апреля 2010 г. г. Томск/ Томский политехнический университет (ТПУ), Институт геологии и нефтегазового дела (ИГНД) ; под ред. В. А. Домаренко.— , 2010.— 978-5-98298-729-7
Т. 2.— 2010.— С. 489-491
第一著者: Лисеенко Н. В. Наталья Владимировна
その他の著者: Васильченко Ю. О. (научный руководитель), Кауцман Е. Я., Седельникова М. Б. Мария Борисовна
言語:ロシア語
出版事項: 2010
主題:
フォーマット: MixedMaterials 図書の章
KOHA link:https://koha.lib.tpu.ru/cgi-bin/koha/opac-detail.pl?biblionumber=192746

MARC

LEADER 00000naa2a2200000 4500
001 192746
005 20260123135914.0
035 |a (RuTPU)RU\TPU\book\210173 
090 |a 192746 
100 |a 20110309d2010 k y0rusy50 ca 
101 0 |a rus 
102 |a RU 
200 1 |a Получение окерманитовых керамических пигментов с использованием природного волластонита и нефелинового шлама  |f Н. В. Лисеенко, Ю. О. Васильченко, Е. Я. Кауцман  |g науч. рук. М. Б. Седельникова 
320 |a Библиогр.: 4 назв. 
461 1 |0 (RuTPU)RU\TPU\book\205901  |y 978-5-98298-729-7  |t Проблемы геологии и освоения недр  |o труды XIV Международного симпозиума имени академика М. А. Усова студентов и молодых ученых, посвященного 65-летию Победы советского народа над фашистской Германией в Великой Отечественной войне 1941-1945 гг., 5-9 апреля 2010 г. г. Томск  |o в 2 т.  |f Томский политехнический университет (ТПУ), Институт геологии и нефтегазового дела (ИГНД) ; под ред. В. А. Домаренко  |d 2010 
463 1 |0 (RuTPU)RU\TPU\book\205109  |y 978-5-98298-731-0  |t Т. 2  |v С. 489-491  |d 2010 
610 1 |a пигменты 
610 1 |a окерманитовые керамические пигменты 
610 1 |a природное сырье 
610 1 |a волластонит 
610 1 |a нефелины 
610 1 |a нефелиновый шлам 
610 1 |a керамические пигменты 
610 1 |a золь-гель метод 
610 1 |a Слюдянское месторождение 
610 1 |a труды учёных ТПУ 
700 1 |a Лисеенко  |b Н. В.  |c химик-технолог  |c аспирант Томского политехнического университета  |f 1984-  |g Наталья Владимировна  |3 (RuTPU)RU\TPU\pers\28571 
701 1 |a Васильченко  |b Ю. О. 
701 1 |a Кауцман  |b Е. Я. 
702 1 |a Седельникова  |b М. Б.  |c химик-технолог  |c доцент Томского политехнического университета, кандидат технических наук  |f 1967-  |g Мария Борисовна  |4 727 
801 1 |a RU  |b 63413507  |c 20110309 
801 2 |a RU  |b 63413507  |c 20140123  |g RCR 
942 |c BK